| 000 | 02143nam a2200337 a 4500 | ||
|---|---|---|---|
| 001 | 000000744 | ||
| 005 | 20200929145411.0 | ||
| 008 | 090429s2007 dr 000 0 spa d | ||
| 020 | _a9945427202 | ||
| 020 | _a9789945427202 | ||
| 040 |
_aDO-SdBNP _bspa _cBNPHU |
||
| 082 |
_a305.42 _bH519h |
||
| 100 | 1 |
_aHenríquez Ureña, Camila, _d1894-1973. _92524 |
|
| 245 | 1 | 0 |
_aHija de Camila / _cCamila Henríquez Ureña ; prólogo y traducción de Daisy Cocco De Filippis = Camila 's Line / Camila Hernríque Ureña ; prologue and translation by Daisy Cocco De Filippis. |
| 260 |
_aSanto Domingo : _bSecretaría de Estado de Cultura, _c2007. |
||
| 300 |
_a291 p. ; _c23 cm. |
||
| 490 | 1 | _aUltramar | |
| 500 | _aSelección bilingüe de ensayos feministas por Camila Henríquez Ureña | ||
| 500 | _aIncluye datos biográficos de la autora en las solapas | ||
| 500 | _aTexto en español e inglés | ||
| 500 | _aIncluye referencias bibliográficas y notas al pie de las páginas. | ||
| 505 | 0 |
_tAgradecimiento -- _tAcknowledgements -- _tPrólogo. Salomé Camila Henríquez Ureña 1984-1973: vida y obra -- _tPrologue. Camila Henríquez Ureña 1894-1973: Her life and work -- _tFeminismo -- _tLa mujer y la cultura -- _tWoman and culture -- _tLa carta como forma de expresión literaria femenina -- _tCartas de amor divino: Santa Teresa de Jesús -- _tCartas de amor mundano: Mariana Alcoforado -- _tLa carta de polémica: Sor Juana Inés de la Cruz -- _tLa carta como crónica: Madame de Sevigné -- _tThe letter as an expression of feminine literary form -- _tLetters of divine love: Santa Teresa de Jesús -- _tLetter of Worldly love: Mariana Alcoforado -- _tThe letter as the art of disputation: Sor Juana Inés de la Cruz -- _tThe letter as Chronicle: Madame de Sevigné. |
|
| 590 | _aInventariado, 2018/MFF | ||
| 600 | 1 | 4 |
_aHENRÍQUEZ UREÑA, CAMILA , _d1894-1973 _92536 |
| 650 | 4 |
_aFemenismo _92537 |
|
| 650 | 4 |
_aMujeres _xCondiciones sociales _92063 |
|
| 650 | 4 |
_aMujeres en la literatura _zRepública Dominicana _92538 |
|
| 700 | 1 | 2 |
_aCocco De Filippis, Daisy, _etr. _d1949 _92539 |
| 830 | 0 |
_aUltramar _91892 |
|
| 910 | _aValidado. Control de calidad MFF | ||
| 999 |
_c740 _d740 |
||